Loading...
| Current Events | 3 | 13.33 | 67% | 67% | 0% |
| Fine Arts - Classical Music | 5 | 20.00 | 100% | 40% | 60% |
| Fine Arts - Other | 4 | 15.00 | 100% | 50% | 0% |
| Fine Arts - Painting and Sculpture | 9 | 12.22 | 100% | 22% | 0% |
| Geography | 1 | 10.00 | 100% | 0% | 0% |
| History - American | 6 | 18.33 | 100% | 67% | 17% |
| History - European | 5 | 20.00 | 100% | 100% | 0% |
| History - Other | 5 | 16.00 | 100% | 60% | 0% |
| History - World | 4 | 12.50 | 100% | 25% | 0% |
| Literature - American | 3 | 10.00 | 100% | 0% | 0% |
| Literature - British | 4 | 10.00 | 100% | 0% | 0% |
| Literature - European | 3 | 10.00 | 100% | 0% | 0% |
| Literature - World | 5 | 8.00 | 60% | 0% | 20% |
| Mythology | 8 | 18.75 | 100% | 50% | 38% |
| Other Academic | 1 | 10.00 | 100% | 0% | 0% |
| Philosophy | 6 | 10.00 | 83% | 17% | 0% |
| Pop Culture | 2 | 25.00 | 100% | 50% | 100% |
| Religion | 3 | 20.00 | 100% | 33% | 67% |
| Science - Biology | 2 | 15.00 | 100% | 0% | 50% |
| Science - Chemistry | 5 | 10.00 | 80% | 20% | 0% |
| Science - Other | 6 | 15.00 | 100% | 33% | 17% |
| Science - Physics | 5 | 10.00 | 100% | 0% | 0% |
| Social Science | 6 | 8.33 | 67% | 17% | 0% |